Histoire des États Généraux considérés au point de vue de leur influence sur le gouvernement de la France de 1355 à 1614 / (Record no. 162087)

MARC details
000 -LEADER
campo de control de longitud fija 00796nam a2200193 i 4500
001 - NÚMERO DE CONTROL
campo de control 162087
003 - IDENTIFICADOR DE NÚMERO DE CONTROL
campo de control ES-MaACL
005 - FECHA Y HORA DE LA ÚLTIMA TRANSACCIÓN
campo de control 20230906212426.0
008 - DATOS DE LONGITUD FIJA--INFORMACIÓN GENERAL
campo de control de longitud fija 041102s1872 fr |||| | fre d
040 ## - FUENTE DE CATALOGACIÓN
Centro catalogador/agencia de origen CAM
Lengua de catalogación spa
Centro/agencia transcriptor CAM
100 1# - ENTRADA PRINCIPAL--NOMBRE DE PERSONA
Nombre de persona Picot, Georges.
9 (RLIN) 131133
245 10 - MENCIÓN DEL TÍTULO
Título Histoire des États Généraux considérés au point de vue de leur influence sur le gouvernement de la France de 1355 à 1614 /
Mención de responsabilidad, etc. par Georges Picot.
260 ## - PUBLICACIÓN, DISTRIBUCIÓN, ETC.
Lugar de publicación, distribución, etc. Paris :
Nombre del editor, distribuidor, etc. Libr. Hachette et Cie.,
Fecha de publicación, distribución, etc. 1872 (
Fabricante Typ. Lahure)
300 ## - DESCRIPCIÓN FÍSICA
Extensión 4 v. (XI, 575 ; 582, [2] ; 544 ; 438 p.) ;
Dimensiones 24 cm.
586 ## - NOTA DE PREMIOS
Nota de premios Obra premiada por la Académie des Sciences Morales et Politiques
610 14 - PUNTO DE ACCESO ADICIONAL DE MATERIA--NOMBRE DE ENTIDAD CORPORATIVA
Nombre de entidad corporativa o nombre de jurisdicción como elemento de entrada Francia.
Unidad subordinada États généraux.
9 (RLIN) 161805
651 #4 - PUNTO DE ACCESO ADICIONAL DE MATERIA--NOMBRE GEOGRÁFICO
Nombre geográfico Francia-
Subdivisión general Política y gobierno.
9 (RLIN) 8706
852 ## - LOCALIZACIÓN
Ubicación ES-MaACL
Número de control de estantería D-61-64
Nota libre - Enc. hol.
Holdings
Estatus retirado Estado de pérdida Estado de daño No para préstamo Colección Biblioteca de origen Biblioteca actual Ubicación en estantería Fecha de adquisición Fuente de adquisición Total de préstamos Signatura topográfica completa Código de barras Visto por última vez Precio de reemplazo Tipo de ítem Koha
        Libros del s. XIX Biblioteca del Ateneo de Madrid Biblioteca del Ateneo de Madrid Sala Valle Inclán 17/01/2008     D-61-64 901169796 23/02/2023 23/02/2023 Libro impreso antiguo